000 00914cam a22003014a 4500
001 13274717
003 OSt
005 20170227165808.0
008 030714s2005 maua b 001 0 eng
010 _a 2003109909
020 _a061835459X (hbk.)
035 _a(DLC) 2003109909
040 _aDLC
_cDLC
_dDLC
042 _apcc
050 0 0 _aHD31
_b.G763 2005
082 0 0 _a658
_222
100 1 _aGriffin, Ricky W.
245 1 0 _aManagement /
_cRicky Griffin.
250 _a8th ed.
260 _aBoston :
_bHoughton Mifflin Co.,
_cc2005.
300 _axxxii, 808 p. :
_bill. ;
_c26 cm.
504 _aIncludes bibliographical references and indexes.
650 0 _aManagement.
856 4 1 _3Table of contents
_uhttp://www.loc.gov/catdir/toc/fy051/2003109909.html
906 _a7
_bcbc
_corignew
_d2
_eepcn
_f20
_gy-gencatlg
942 _2lcc
_cBK
999 _c255826
_d255825